000 00529nam a2200205Ia 4500
005 20250923144300.0
008 008 250917s9999 xx 000 0 eng d
037 _aTextual
040 _aDSWL
_beng
_cDSWL
041 _aeng
_2eng
084 _aW, H7
_qDSWL
100 _aAppadorai, A.
_9823193
245 0 _aSubstance of politics
_cby A. Appadorai
260 _aMadras
_bOUP
_c1947
300 _a540 p.
365 _aINR
_b7
925 _g7
942 _cTEXL
_hW, H7
999 _c1436968
_d1436968